The board of directors and audit committee guide to fiduciary responsibilities : (Record no. 20176)
[ view plain ]
| 000 -LEADER | |
|---|---|
| fixed length control field | 01571cam a22003135a 4500 |
| 001 - CONTROL NUMBER | |
| control field | 17671336 |
| 005 - DATE AND TIME OF LATEST TRANSACTION | |
| control field | 20160203121412.0 |
| 008 - FIXED-LENGTH DATA ELEMENTS--GENERAL INFORMATION | |
| fixed length control field | 130323t2013 nyua frb 001 0 eng d |
| 020 ## - INTERNATIONAL STANDARD BOOK NUMBER | |
| International Standard Book Number | 9780814431665 (hbk.) |
| 020 ## - INTERNATIONAL STANDARD BOOK NUMBER | |
| International Standard Book Number | 0814431666 (hbk.) |
| 040 ## - CATALOGING SOURCE | |
| Original cataloging agency | DLC |
| Transcribing agency | DLC |
| Language of cataloging | eng |
| Modifying agency | EG-ScBUE |
| 043 ## - GEOGRAPHIC AREA CODE | |
| Geographic area code | n-us--- |
| 082 04 - DEWEY DECIMAL CLASSIFICATION NUMBER | |
| Classification number | 657.4580973 |
| Edition number | 22 |
| Item number | MOR |
| 100 1# - MAIN ENTRY--PERSONAL NAME | |
| Personal name | Moran, Sheila. |
| 9 (RLIN) | 39244 |
| 245 14 - TITLE STATEMENT | |
| Title | The board of directors and audit committee guide to fiduciary responsibilities : |
| Remainder of title | ten critical steps to protecting yourself and your organization / |
| Statement of responsibility, etc | Sheila Moran and Ronald Kral. |
| 260 ## - PUBLICATION, DISTRIBUTION, ETC. (IMPRINT) | |
| Place of publication, distribution, etc | New York : |
| Name of publisher, distributor, etc | American Management Association, |
| Date of publication, distribution, etc | c.2013. |
| 300 ## - PHYSICAL DESCRIPTION | |
| Extent | vii, 230 p. : |
| Other physical details | ill. ; |
| Dimensions | 24 cm. |
| 500 ## - GENERAL NOTE | |
| General note | Index : p. 223-230. |
| 504 ## - BIBLIOGRAPHY, ETC. NOTE | |
| Bibliography, etc | Bibliography : p. 213-222. |
| 505 0# - FORMATTED CONTENTS NOTE | |
| Formatted contents note | Nominate independent directors -- Establish a culture of action -- Evaluate the audit committee -- Direct the external audit -- Scrutinize the financial statements -- Leverage internal audit and outside resources -- Satisfy regulators and other stakeholders -- Address risk proactively -- Spearhead fraud-deterrence initiatives -- Expect the unexpected. |
| 650 #0 - SUBJECT ADDED ENTRY--TOPICAL TERM | |
| Topical term or geographic name as entry element | Directors of corporations |
| General subdivision | Legal status, laws, etc. |
| Geographic subdivision | United States. |
| Source of heading or term | BUEsh |
| 650 #0 - SUBJECT ADDED ENTRY--TOPICAL TERM | |
| Topical term or geographic name as entry element | Executives |
| General subdivision | Legal status, laws, etc. |
| Geographic subdivision | United States. |
| Source of heading or term | BUEsh |
| 650 #0 - SUBJECT ADDED ENTRY--TOPICAL TERM | |
| Topical term or geographic name as entry element | Audit committees |
| General subdivision | Law and legislation |
| Geographic subdivision | United States. |
| Source of heading or term | BUEsh |
| 650 #0 - SUBJECT ADDED ENTRY--TOPICAL TERM | |
| Topical term or geographic name as entry element | Corporate governance |
| General subdivision | Law and legislation |
| Geographic subdivision | United States. |
| Source of heading or term | BUEsh |
| 651 ## - SUBJECT ADDED ENTRY--GEOGRAPHIC NAME | |
| Source of heading or term | BUEsh |
| 653 ## - INDEX TERM--UNCONTROLLED | |
| Resource For college | BAEPS, Business Administration |
| Arrived date list | July2015 |
| -- | February2016 |
| 700 1# - ADDED ENTRY--PERSONAL NAME | |
| Personal name | Kral, Ronald |
| 942 ## - ADDED ENTRY ELEMENTS (KOHA) | |
| Source of classification or shelving scheme | Dewey Decimal Classification |
| Withdrawn status | Lost status | Source of classification or shelving scheme | Damaged status | Not for loan | Koha collection | Home library | Current library | Shelving location | Date acquired | Source of acquisition | Cost, normal purchase price | Serial Enumeration / chronology | Total Checkouts | Full call number | Barcode | Date last seen | Cost, replacement price | Koha item type |
|---|---|---|---|---|---|---|---|---|---|---|---|---|---|---|---|---|---|---|
| Dewey Decimal Classification | Baccah | Central Library | Central Library | First floor | 05/07/2015 | Purchase | 224.00 | 22353 | 657.4580973 MOR | 000038900 | 15/07/2025 | 280.00 | Book - Borrowing |